Countries that Administered the Tangier International Zone - Statistics

General Stats
  • This quiz has been taken 266 times
  • The average score is 8 of 9
Answer Stats
Country % Correct
United Kingdom
98%
France
97%
Spain
97%
Italy
94%
United States
93%
Portugal
91%
Netherlands
81%
Belgium
79%
Sweden
47%
No matching quizzes found
Score Distribution
Percent of People with Each Score
Percentile by Number Answered
Your Score History
You have not taken this quiz